| 000 | 00547nam a2200217 a 4500 | ||
|---|---|---|---|
| 001 | 0001-2088 | ||
| 003 | ELIB.Books | ||
| 008 | 190722 2010 eng | ||
| 020 | _a0883447681 | ||
| 092 |
_a232.096 _bSch |
||
| 100 | _aSchreiter, Robert J. | ||
| 245 | _aFaces of Jesus in Africa | ||
| 260 |
_aNew York _bOrbis Books _c2005 |
||
| 300 |
_a181 _c20cm |
||
| 650 | _aJesus Christ | ||
| 856 |
_nKBTS Library _uKBTS Elib |
||
| 942 |
_2ddc _cBK |
||
| 990 | _a2 | ||
| 998 |
_aEnglishbooks.elf _ccat _e2019-07-22 |
||
| 999 |
_c12088 _d12088 |
||